| 000 | 01080nam a2200265Ia 4500 | ||
|---|---|---|---|
| 001 | ebr10405187 | ||
| 003 | CaPaEBR | ||
| 006 | m u | ||
| 007 | cr cn||||||||| | ||
| 008 | 070418s2010 sg s 000 0 eng d | ||
| 020 | _z9782869783140 | ||
| 040 |
_aCaPaEBR _cCaPaEBR |
||
| 035 | _a(OCoLC)680618044 | ||
| 050 | 1 | 4 |
_aHD4338 _b.R44 2010eb |
| 245 | 0 | 0 |
_aReforming the Malawian public sector _h[electronic resource] : _bretrospectives and prospectives / _cedited by Richard Tambulasi. |
| 260 |
_aDakar, Senegal : _bCODESRIA, _cc2010. |
||
| 300 | _av, 138 p. | ||
| 533 |
_aElectronic reproduction. _bPalo Alto, Calif. : _cebrary, _d2011. _nAvailable via World Wide Web. _nAccess may be limited to ebrary affiliated libraries. |
||
| 650 | 0 |
_aPublic administration _zAfrica. |
|
| 650 | 0 |
_aGovernment business enterprises _zAfrica. |
|
| 655 | 7 |
_aElectronic books. _2local |
|
| 700 | 1 | _aTambulasi, Richard I. C. | |
| 710 | 2 | _aebrary, Inc. | |
| 856 | 4 | 0 |
_uhttp://site.ebrary.com/lib/rucke/Doc?id=10405187 _zAn electronic book accessible through the World Wide Web; click to view |
| 999 |
_c82217 _d82217 |
||